Zákon č. 100/1998 Zb. o sociálnom zabezpečení
Úplné znenie zákona č. 100/1988 Zb. o sociálnom zabezpečení v znení neskorších zákonov a zákona NR SR č. 278/1997 Z.z. s komentárom.
Enregistré dans:
| Auteur principal: | |
|---|---|
| Format: | Chapitre de livre |
| Langue: | slovaque |
| Sujets: | |
| Tags: |
Pas de tags, Soyez le premier à ajouter un tag!
|
MARC
| LEADER | 00000naa a2200000 4500 | ||
|---|---|---|---|
| 001 | r030623 | ||
| 005 | 20230919080820.0 | ||
| 041 | 0 | |a slo | |
| 044 | |a SK | ||
| 245 | 1 | 0 | |a Zákon č. 100/1998 Zb. o sociálnom zabezpečení |c Zuzana Kontšeková |
| 520 | |a Úplné znenie zákona č. 100/1988 Zb. o sociálnom zabezpečení v znení neskorších zákonov a zákona NR SR č. 278/1997 Z.z. s komentárom. | ||
| 610 | 2 | 0 | |a zákony |
| 610 | 2 | 0 | |a Slovensko |
| 610 | 2 | 0 | |a zabezpečenie sociálne |
| 610 | 2 | 0 | |a 1988-1997 |
| 610 | 2 | 0 | |a komentáre |
| 100 | 1 | |a Kontšeková, Zuzana | |